000 00735nab a2200229 u 4500
001 08715
003 HDC
007 cr bn ---aaaaa
008 210131c mydr|nes 0 a may d
040 _aHDC
245 0 _aPeraturan baru perbankan Islam hampir siap
260 _aKuala Lumpur :
_bBERITA HARIAN,
_c2013
336 _atext
_2rdacontent
337 _acomputer
_2rdamedia
338 _aonline resource
_2rdacarrier
650 _aBank guidelines
_99205
650 _aIslamic banking
_9270
856 _zRequest full-text at [email protected]
942 _2lcc
942 _cNEWS
942 _kNWSC 002869
999 _c6038
_d6038